[Event "Saint Luc Haut-Richelieu"]
[Site "Saint Luc CAN"]
[Date "1997.05.17"]
[Round "1"]
[White "Tisseur, Daniel"]
[Black "Hebert, Jean"]
[Result "0-1"]
[WhiteElo "1980"]
[BlackElo "2430"]
[PlyCount "96"]
[GameId "2160767911965853"]
[EventDate "1997.05.17"]
[EventType "swiss"]
[EventRounds "5"]
[EventCountry "CAN"]
[SourceTitle "EXT 2022"]
[Source "ChessBase"]
[SourceDate "2021.10.06"]
[SourceVersion "1"]
[SourceVersionDate "2021.10.06"]
[SourceQuality "1"]

1. e4 c5 2. Nf3 e6 3. d4 cxd4 4. Nxd4 Nc6 5. Nb5 d6 6. Bf4 e5 7. Be3 Nf6 8. N5c3 Be6 9. Bg5 Qb6 10. Na3 Ng4 11. Bh4 Be7 12. Bg3 Qxb2 13. Nab5 Qb4 14. Be2 Nf6 15. O-O O-O 16. Nd5 Bxd5 17. exd5 Na5 18. f4 Ne4 19. Be1 Qc5+ 20. Kh1 a6 21. Bd3 axb5 22. Bxe4 f5 23. Bf2 Qc4 24. Bd3 Qxf4 25. Bxb5 Qg5 26. Qe1 Bd8 27. Bd7 g6 28. Qb4 Qe7 29. Be6+ Kg7 30. Be3 Qc7 31. c4 b6 32. Rf3 Nb7 33. Raf1 Nc5 34. Qd2 f4 35. Qb2 Bf6 36. Bxc5 Qxc5 37. Qc2 Ra3 38. R3f2 Rfa8 39. g3 Rxa2 40. Qxa2 Rxa2 41. Rxa2 Qxc4 42. Ra7+ Kh6 43. Rfa1 Qe4+ 44. Kg1 Qe3+ 45. Kg2 Qe2+ 46. Kh3 e4 47. R1a4 Kg5 48. gxf4+ Kxf4 0-1

[Event "Saint Luc Haut-Richelieu"]
[Site "Saint Luc CAN"]
[Date "1997.05.18"]
[Round "2"]
[White "Hebert, Jean"]
[Black "Prahov, Valentin"]
[Result "1/2-1/2"]
[WhiteElo "2430"]
[BlackElo "2135"]
[PlyCount "149"]
[GameId "2160767911965854"]
[EventDate "1997.05.17"]
[EventType "swiss"]
[EventRounds "5"]
[EventCountry "CAN"]
[SourceTitle "EXT 2022"]
[Source "ChessBase"]
[SourceDate "2021.10.06"]
[SourceVersion "1"]
[SourceVersionDate "2021.10.06"]
[SourceQuality "1"]

1. d4 Nf6 2. c4 g6 3. Nc3 d5 4. cxd5 Nxd5 5. e4 Nxc3 6. bxc3 c5 7. Nf3 Bg7 8. Rb1 O-O 9. Be2 Qa5 10. Bd2 Qxa2 11. O-O Nc6 12. d5 Ne5 13. Nxe5 Bxe5 14. Bg5 Bf6 15. Bxf6 exf6 16. f4 Rd8 17. f5 g5 18. h4 h6 19. Rf3 Re8 20. Bd3 g4 21. Rf2 Qa5 22. Qxg4+ Kh7 23. Qh5 Rf8 24. Rf3 Qc7 25. Re1 c4 26. Bb1 Qe5 27. Ree3 Rg8 28. Qxf7+ Rg7 29. Qf8 b5 30. Qc5 Bd7 31. g3 a5 32. Kh2 a4 33. Qa3 Rag8 34. Qc1 Be8 35. Qe1 Bh5 36. Rf1 a3 37. Qf2 Ra8 38. Ba2 Be8 39. Qf4 Re7 40. Qxe5 Rxe5 41. Rb1 Bd7 42. g4 Rae8 43. Rbe1 h5 44. Kg3 hxg4 45. Kf4 Kh6 46. Bb1 g3 47. Rxg3 Bxf5 48. Bc2 Bh7 49. d6 Rd8 50. Ra1 Rxd6 51. Rxa3 Rd2 52. Ra6 Rf2+ 53. Rf3 Rxf3+ 54. Kxf3 Kg7 55. Ra7+ Kh6 56. Rf7 Kg6 57. Rb7 Kh6 58. Kf4 Rh5 59. Kg3 Re5 60. Kf4 Rh5 61. Ke3 Bg6 62. Rb6 Kg7 63. Rb7+ Kf8 64. Rb8+ Be8 65. Rb6 Ke7 66. Bd1 Rxh4 67. Bf3 Bd7 68. Bg2 Rh2 69. Kf3 Bh3 70. Bxh3 Rxh3+ 71. Ke2 Rxc3 72. Rxb5 Kd6 73. Rf5 Ke6 74. Rc5 Kd6 75. Rf5 1/2-1/2

[Event "Saint Luc Haut-Richelieu"]
[Site "Saint Luc CAN"]
[Date "1997.05.18"]
[Round "3"]
[White "Ghannoum, Marc"]
[Black "Hebert, Jean"]
[Result "1/2-1/2"]
[WhiteElo "2239"]
[BlackElo "2430"]
[PlyCount "54"]
[GameId "2160767911965856"]
[EventDate "1997.05.17"]
[EventType "swiss"]
[EventRounds "5"]
[EventCountry "CAN"]
[SourceTitle "EXT 2022"]
[Source "ChessBase"]
[SourceDate "2021.10.06"]
[SourceVersion "1"]
[SourceVersionDate "2021.10.06"]
[SourceQuality "1"]

1. e4 c5 2. Nc3 Nc6 3. f4 e6 4. Nf3 d5 5. Bb5 Nf6 6. Ne5 Bd7 7. Bxc6 Bxc6 8. Nxc6 bxc6 9. d3 Be7 10. Qe2 O-O 11. O-O Re8 12. Kh1 Nd7 13. Nd1 Nb6 14. b3 a5 15. a4 c4 16. dxc4 dxc4 17. Be3 cxb3 18. cxb3 f5 19. Rc1 fxe4 20. Nc3 Nd5 21. Nxe4 Rb8 22. Rxc6 Rxb3 23. Bd2 Qd7 24. Qc4 Rb6 25. Rxb6 Nxb6 26. Qb3 Nxa4 27. Bxa5 Nc5 1/2-1/2

[Event "Saint Luc Haut-Richelieu"]
[Site "Saint Luc CAN"]
[Date "1997.05.19"]
[Round "4"]
[White "Hebert, Jean"]
[Black "Filiatreault, Marc"]
[Result "1-0"]
[WhiteElo "2430"]
[BlackElo "1750"]
[PlyCount "45"]
[GameId "2160767911965857"]
[EventDate "1997.05.17"]
[EventType "swiss"]
[EventRounds "5"]
[EventCountry "CAN"]
[SourceTitle "EXT 2022"]
[Source "ChessBase"]
[SourceDate "2021.10.06"]
[SourceVersion "1"]
[SourceVersionDate "2021.10.06"]
[SourceQuality "1"]

1. d4 d5 2. Nf3 Nf6 3. c4 Bg4 4. Ne5 Bf5 5. Qb3 Nbd7 6. cxd5 Nxe5 7. dxe5 Nxd5 8. e4 Be6 9. exd5 Bxd5 10. Bc4 e6 11. Bxd5 Qxd5 12. O-O O-O-O 13. Qg3 f6 14. exf6 Bd6 15. Bf4 e5 16. fxg7 Rhg8 17. Qh3+ Kb8 18. Nc3 Qf7 19. Bh6 Bc5 20. Ne4 Be7 21. Rad1 Rd4 22. Rxd4 exd4 23. Qb3 1-0

[Event "Saint Luc Haut-Richelieu"]
[Site "Saint Luc CAN"]
[Date "1997.05.19"]
[Round "5"]
[White "Hebert, Jean"]
[Black "Angers, Gilles"]
[Result "1-0"]
[WhiteElo "2430"]
[BlackElo "2016"]
[PlyCount "43"]
[GameId "2160767911965859"]
[EventDate "1997.05.17"]
[EventType "swiss"]
[EventRounds "5"]
[EventCountry "CAN"]
[SourceTitle "EXT 2022"]
[Source "ChessBase"]
[SourceDate "2021.10.06"]
[SourceVersion "1"]
[SourceVersionDate "2021.10.06"]
[SourceQuality "1"]

1. d4 Nf6 2. c4 c5 3. d5 b5 4. cxb5 a6 5. b6 e6 6. dxe6 fxe6 7. Nf3 Qxb6 8. g3 Be7 9. Bg2 Bb7 10. O-O Nc6 11. Nc3 d5 12. Ng5 Nd8 13. Na4 Qd6 14. b3 Nd7 15. Qc2 Bxg5 16. Bxg5 O-O 17. Rad1 d4 18. Bxb7 Nxb7 19. Qe4 Na5 20. b4 Nc6 21. bxc5 Qe5 22. Qxc6 1-0

[Event "Laval XIV"]
[Site "Laval CAN"]
[Date "1997.04.12"]
[Round "2"]
[White "Hebert, Jean"]
[Black "Apostolov, Penka"]
[Result "1-0"]
[WhiteElo "2430"]
[BlackElo "1899"]
[PlyCount "59"]
[GameId "2160767911966147"]
[EventDate "1997.04.11"]
[EventType "swiss"]
[EventRounds "5"]
[EventCountry "CAN"]
[SourceTitle "EXT 2022"]
[Source "ChessBase"]
[SourceDate "2021.10.06"]
[SourceVersion "1"]
[SourceVersionDate "2021.10.06"]
[SourceQuality "1"]

1. d4 c5 2. d5 Nf6 3. Nc3 g6 4. e4 d6 5. f4 Bg7 6. Bb5+ Nfd7 7. a4 O-O 8. Nf3 b6 9. Qe2 Bb7 10. O-O Nf6 11. Bc4 Qc8 12. e5 Ne8 13. Bd2 Na6 14. Be1 Nb4 15. Bh4 f6 16. Rad1 Nc7 17. e6 Qd8 18. f5 Rc8 19. Bg3 Qe8 20. Nb5 Nbxd5 21. Bxd6 Kh8 22. Bxc7 Nxc7 23. Rd7 Nxb5 24. axb5 Ba8 25. Ra1 a5 26. bxa6 Bc6 27. Bb5 gxf5 28. Bxc6 Rxc6 29. Nh4 Rd6 30. a7 1-0

[Event "Laval XIV"]
[Site "Laval CAN"]
[Date "1997.04.12"]
[Round "3"]
[White "Hebert, Jean"]
[Black "Angers, Gilles"]
[Result "1-0"]
[WhiteElo "2430"]
[BlackElo "1938"]
[PlyCount "47"]
[GameId "2160767911966150"]
[EventDate "1997.04.11"]
[EventType "swiss"]
[EventRounds "5"]
[EventCountry "CAN"]
[SourceTitle "EXT 2022"]
[Source "ChessBase"]
[SourceDate "2021.10.06"]
[SourceVersion "1"]
[SourceVersionDate "2021.10.06"]
[SourceQuality "1"]

1. d4 Nf6 2. c4 c5 3. d5 b5 4. cxb5 a6 5. b6 g6 6. Nc3 d6 7. e4 Nbd7 8. f4 Nxb6 9. Nf3 Bb7 10. a4 Bg7 11. a5 Nc8 12. Bc4 O-O 13. O-O Ne8 14. f5 Nc7 15. Qe1 f6 16. fxg6 hxg6 17. Nh4 Qe8 18. Qg3 g5 19. Nf5 Qh5 20. h4 Kf7 21. e5 Rg8 22. hxg5 Bh6 23. Be2 Qg6 24. Qh3 1-0

[Event "Laval XIV"]
[Site "Laval CAN"]
[Date "1997.04.13"]
[Round "4"]
[White "Linskiy, Oleg"]
[Black "Hebert, Jean"]
[Result "1/2-1/2"]
[WhiteElo "2385"]
[BlackElo "2430"]
[PlyCount "87"]
[GameId "2160767911966152"]
[EventDate "1997.04.11"]
[EventType "swiss"]
[EventRounds "5"]
[EventCountry "CAN"]
[SourceTitle "EXT 2022"]
[Source "ChessBase"]
[SourceDate "2021.10.06"]
[SourceVersion "1"]
[SourceVersionDate "2021.10.06"]
[SourceQuality "1"]

1. d4 Nf6 2. Nf3 g6 3. Bf4 Bg7 4. e3 d6 5. h3 O-O 6. Be2 b6 7. O-O c5 8. c3 Bb7 9. Nbd2 Nbd7 10. a4 a6 11. Qb3 Qc7 12. Bh2 Bc6 13. Qa3 Qb7 14. c4 cxd4 15. exd4 d5 16. Ne5 Nxe5 17. dxe5 Nd7 18. f4 e6 19. Bf3 Rfc8 20. b4 Bf8 21. cxd5 Bxd5 22. Qb3 b5 23. Bxd5 Qxd5 24. Qxd5 exd5 25. Rfb1 Nb6 26. axb5 axb5 27. Rxa8 Rxa8 28. Nf3 Na4 29. Rb3 Rc8 30. Nd4 Nc3 31. Kh1 Rc4 32. Bg1 Bxb4 33. Kh2 Bc5 34. Nxb5 Bxg1+ 35. Kxg1 Ne2+ 36. Kf2 Nxf4 37. Nd6 Rc2+ 38. Kf3 Nxg2 39. Rb8+ Kg7 40. Rb7 Ne1+ 41. Ke3 Ng2+ 42. Kf3 Ne1+ 43. Ke3 Ng2+ 44. Kf3 1/2-1/2

[Event "Laval XIV"]
[Site "Laval CAN"]
[Date "1997.04.13"]
[Round "5"]
[White "Rashev, Nick"]
[Black "Hebert, Jean"]
[Result "0-1"]
[WhiteElo "1955"]
[BlackElo "2430"]
[PlyCount "80"]
[GameId "2160767911966156"]
[EventDate "1997.04.11"]
[EventType "swiss"]
[EventRounds "5"]
[EventCountry "CAN"]
[SourceTitle "EXT 2022"]
[Source "ChessBase"]
[SourceDate "2021.10.06"]
[SourceVersion "1"]
[SourceVersionDate "2021.10.06"]
[SourceQuality "1"]

1. d4 Nf6 2. Nf3 g6 3. c4 Bg7 4. g3 O-O 5. Bg2 d5 6. cxd5 Nxd5 7. O-O Nb6 8. Nc3 Nc6 9. d5 Na5 10. Qc2 c6 11. dxc6 Nxc6 12. Rd1 Qe8 13. Bf4 Bf5 14. e4 Bg4 15. Be3 Nc4 16. Qe2 N6e5 17. Rab1 b6 18. h3 Bxf3 19. Bxf3 Rc8 20. Bd4 Nxf3+ 21. Qxf3 e5 22. Be3 Nxb2 23. Rxb2 Rxc3 24. Qe2 Qa4 25. Qf3 Bh6 26. Rbd2 Bxe3 27. fxe3 Qa3 28. Re1 Rc1 29. Rxc1 Qxc1+ 30. Rd1 Qc2 31. h4 Qxa2 32. h5 Qe6 33. Kg2 h6 34. Qe2 Rc8 35. hxg6 Qxg6 36. Qd3 Qc6 37. Rd2 Qc4 38. Qb1 Kg7 39. Kf3 Rc6 40. g4 Qc1 0-1

[Event "Mauricie op"]
[Site "Trois-Rivieres CAN"]
[Date "1997.03.14"]
[Round "1"]
[White "Laurain, Guy1"]
[Black "Hebert, Jean"]
[Result "1/2-1/2"]
[WhiteElo "2079"]
[BlackElo "2445"]
[PlyCount "64"]
[GameId "2160767911966305"]
[EventDate "1997.03.14"]
[EventType "swiss"]
[EventRounds "5"]
[EventCountry "CAN"]
[SourceTitle "EXT 2022"]
[Source "ChessBase"]
[SourceDate "2021.10.06"]
[SourceVersion "1"]
[SourceVersionDate "2021.10.06"]
[SourceQuality "1"]

1. e4 c5 2. Nf3 e6 3. d4 cxd4 4. Nxd4 Nc6 5. Nc3 a6 6. Be2 Qc7 7. Be3 Nf6 8. Nxc6 bxc6 9. O-O Rb8 10. Rb1 Bb4 11. Qd4 e5 12. Qc4 Bxc3 13. bxc3 O-O 14. Rbd1 Qa5 15. f3 Rb2 16. Rd2 d5 17. Qxc6 Bb7 18. Qc5 Qxc5 19. Bxc5 Rc8 20. Bd6 dxe4 21. Bxe5 e3 22. c4 Rxa2 23. Rd3 Rxc2 24. Rxe3 Nd7 25. Bd3 Ra2 26. Bf5 Rd2 27. Bc3 Rd6 28. Rb1 Bc6 29. Rbe1 g6 30. Re8+ Rxe8 31. Rxe8+ Nf8 32. Rc8 gxf5 1/2-1/2

[Event "Mauricie op"]
[Site "Trois-Rivieres CAN"]
[Date "1997.03.15"]
[Round "2"]
[White "Hebert, Jean"]
[Black "Federkevic, Danny"]
[Result "1-0"]
[WhiteElo "2445"]
[BlackElo "2005"]
[PlyCount "103"]
[GameId "2160767911966309"]
[EventDate "1997.03.14"]
[EventType "swiss"]
[EventRounds "5"]
[EventCountry "CAN"]

1. d4 Nf6 2. c4 g6 3. Nc3 Bg7 4. e4 d6 5. Be2 O-O 6. Nf3 e5 7. Be3 Nc6 8. d5 Ne7 9. Nd2 Ne8 10. f3 f5 11. O-O f4 12. Bf2 g5 13. c5 h5 14. Nc4 Ng6 15. cxd6 cxd6 16. Nb5 a6 17. Nb6 Rb8 18. Nc3 Nf6 19. h3 Rf7 20. Rc1 Ne7 21. Qb3 Ng6 22. Rc2 g4 23. Nxc8 Rxc8 24. Rfc1 gxh3 25. gxh3 Nh7 26. Kh2 Bf6 27. Nd1 Rxc2 28. Qxc2 Ngf8 29. Qc8 Qe7 30. Nc3 Rg7 31. Rg1 Bh4 32. Nd1 Bxf2 33. Nxf2 Qh4 34. Rxg7+ Kxg7 35. Kg2 Qg3+ 36. Kf1 Ng5 37. b4 h4 38. Qxb7+ Kg8 39. Qc8 Nxf3 40. Qg4+ Ng5 41. Bxa6 Kf7 42. b5 Nxe4 43. Nxe4 Qd3+ 44. Qe2 Qxh3+ 45. Kg1 Qa3 46. b6 Ke7 47. b7 Nd7 48. Bb5 f3 49. Qd2 Qa7+ 50. Qf2 Qxb7 51. Qxh4+ Kf8 52. Qd8+ 1-0

[Event "Mauricie op"]
[Site "Trois-Rivieres CAN"]
[Date "1997.03.15"]
[Round "2"]
[White "Hebert, Jean"]
[Black "Luksza, Arkadiusz"]
[Result "1/2-1/2"]
[WhiteElo "2445"]
[BlackElo "2172"]
[PlyCount "140"]
[GameId "2160767911966310"]
[EventDate "1997.03.14"]
[EventType "swiss"]
[EventRounds "5"]
[EventCountry "CAN"]
[SourceTitle "EXT 2022"]
[Source "ChessBase"]
[SourceDate "2021.10.06"]
[SourceVersion "1"]
[SourceVersionDate "2021.10.06"]
[SourceQuality "1"]

1. d4 f5 2. Nc3 Nf6 3. Bg5 d5 4. Bxf6 exf6 5. e3 c6 6. Bd3 Bd6 7. Qf3 Qd7 8. Nge2 Na6 9. a3 Nc7 10. h4 h5 11. Ng3 g6 12. Nce2 Qf7 13. c3 Bd7 14. Nf4 O-O-O 15. Kd2 Kb8 16. Nfe2 f4 17. Bxg6 Qxg6 18. Nxf4 Bxf4 19. Qxf4 Qh6 20. Ne2 Qxf4 21. Nxf4 Ne6 22. Nd3 Rhg8 23. g3 Be8 24. Rag1 Bg6 25. Nc1 Be4 26. Rh2 Bf3 27. Nb3 b6 28. Ke1 c5 29. Nd2 Be4 30. f3 Bd3 31. Kf2 cxd4 32. exd4 Rde8 33. Re1 Ng7 34. Rhh1 Kc7 35. g4 Kd7 36. Kg3 Rxe1 37. Rxe1 Re8 38. Rxe8 Kxe8 39. Kf4 Kf7 40. Ke3 Ba6 41. b3 Bc8 42. Kf4 Kg6 43. Nf1 Ne6+ 44. Kg3 Nc7 45. Ne3 Be6 46. a4 b5 47. a5 Ne8 48. Kf4 Nd6 49. Nc2 Nb7 50. a6 Nd6 51. Nb4 Nc8 52. Kg3 Ne7 53. Kf4 Bd7 54. Kg3 f5 55. Nd3 Kg7 56. gxh5 Bc8 57. Nb4 Kh6 58. Kf4 Kxh5 59. Ke5 Kxh4 60. Kd6 Ng6 61. Nxd5 Kg3 62. f4 Bxa6 63. Nc7 Nxf4 64. Nxa6 Ne2 65. Nc5 Nxc3 66. Ke5 f4 67. Nd3 f3 68. d5 Nxd5 69. Kxd5 a5 70. Kc5 a4 1/2-1/2

[Event "Mauricie op"]
[Site "Trois-Rivieres CAN"]
[Date "1997.03.16"]
[Round "4"]
[White "Moussa, Alaa Eddine"]
[Black "Hebert, Jean"]
[Result "1/2-1/2"]
[WhiteElo "2047"]
[BlackElo "2445"]
[PlyCount "118"]
[GameId "2160767911966316"]
[EventDate "1997.03.14"]
[EventType "swiss"]
[EventRounds "5"]
[EventCountry "CAN"]
[SourceTitle "EXT 2022"]
[Source "ChessBase"]
[SourceDate "2021.10.06"]
[SourceVersion "1"]
[SourceVersionDate "2021.10.06"]
[SourceQuality "1"]

1. d4 Nf6 2. c4 g6 3. Nc3 Bg7 4. e4 O-O 5. Be2 d6 6. Bg5 c5 7. dxc5 Qa5 8. Bd2 Qxc5 9. Nf3 Bg4 10. O-O Nc6 11. Be3 Qa5 12. Rc1 Rfc8 13. b3 Bxf3 14. Bxf3 Rab8 15. Qd2 Qd8 16. Be2 a6 17. f3 Nd7 18. Rfd1 Qf8 19. Bf1 h6 20. Nd5 Kh7 21. Rc2 Nc5 22. b4 Ne6 23. Qf2 Nc7 24. a3 e5 25. c5 Nxd5 26. exd5 Nd4 27. Bxd4 exd4 28. c6 Qe7 29. Qe1 Qd8 30. Bd3 Qg5 31. Qd2 Qxd5 32. Be4 Qb5 33. c7 Ra8 34. Qd3 Qxd3 35. Rxd3 Ra7 36. Bd5 Kg8 37. Rd1 b5 38. Rdc1 d3 39. Rc6 Bb2 40. Rd1 Bxa3 41. Rxd6 Kg7 42. Rxa6 Rxa6 43. Bb7 Rxc7 44. Bxa6 Bxb4 45. Rxd3 Rc2 46. g3 Bc5+ 47. Kh1 b4 48. Bb5 h5 49. Ba4 Rb2 50. h4 Kf6 51. f4 Bf2 52. Bb3 Be1 53. Bc4 Rc2 54. Bb3 Rc3 55. Rxc3 bxc3 56. Kg2 Ke7 57. Kf3 f5 58. Ba4 Kd6 59. Ke3 Bxg3 1/2-1/2

[Event "Mauricie op"]
[Site "Trois-Rivieres CAN"]
[Date "1997.03.16"]
[Round "5"]
[White "Hebert, Jean"]
[Black "Gardner, Robert"]
[Result "1-0"]
[WhiteElo "2445"]
[BlackElo "2085"]
[PlyCount "91"]
[GameId "2160767911966320"]
[EventDate "1997.03.14"]
[EventType "swiss"]
[EventRounds "5"]
[EventCountry "CAN"]
[SourceTitle "EXT 2022"]
[Source "ChessBase"]
[SourceDate "2021.10.06"]
[SourceVersion "1"]
[SourceVersionDate "2021.10.06"]
[SourceQuality "1"]

1. d4 Nf6 2. c4 c5 3. d5 b5 4. cxb5 a6 5. b6 Qxb6 6. Nc3 d6 7. e4 g6 8. Nf3 Bg7 9. Nd2 O-O 10. Be2 Qc7 11. Nc4 Ne8 12. Bf4 f5 13. exf5 Bxf5 14. O-O Nd7 15. Qd2 Nb6 16. Ne3 Bd3 17. Bxd6 exd6 18. Qxd3 Qf7 19. Rad1 Nc7 20. Ne4 Qf4 21. g3 Qe5 22. Nc3 Rae8 23. a4 Qe7 24. a5 Nd7 25. Bg4 Bd4 26. Bxd7 Qxd7 27. Nc2 Bg7 28. Kg2 Rf5 29. Ne3 Rh5 30. g4 Rxe3 31. Qxe3 Qxg4+ 32. Kh1 Be5 33. f4 Bd4 34. Qe2 Qf5 35. Qe4 Qxe4+ 36. Nxe4 Nxd5 37. Rf3 Bxb2 38. Nxd6 Bd4 39. Rb1 Ne3 40. Ne4 Rf5 41. Ng5 Nd5 42. Rb8+ Kg7 43. Rb7+ Kg8 44. Ne6 Bc3 45. Rd7 Bb4 46. Rd3 1-0

[Event "Specialiste op"]
[Site "Montreal CAN"]
[Date "1997.02.21"]
[Round "1"]
[White "Hebert, Jean"]
[Black "Tremblay, Alain"]
[Result "1-0"]
[WhiteElo "2445"]
[BlackElo "1928"]
[PlyCount "67"]
[GameId "2160767911966463"]
[EventDate "1997.02.21"]
[EventType "swiss"]
[EventRounds "5"]
[EventCountry "CAN"]
[SourceTitle "EXT 2022"]
[Source "ChessBase"]
[SourceDate "2021.10.06"]
[SourceVersion "1"]
[SourceVersionDate "2021.10.06"]
[SourceQuality "1"]

1. d4 d6 2. e4 Nf6 3. Nc3 g6 4. Bg5 Bg7 5. Qd2 O-O 6. O-O-O c6 7. f3 b5 8. h4 h5 9. Kb1 a6 10. Nh3 Nbd7 11. e5 Ne8 12. e6 Nb6 13. exf7+ Rxf7 14. Nf4 Bf5 15. g4 hxg4 16. fxg4 Bxg4 17. Bd3 Nc4 18. Bxc4 bxc4 19. Rdg1 Qd7 20. Nxg6 Rb8 21. Qe3 Qb7 22. Na4 c5 23. Nxe7+ Kh8 24. c3 cxd4 25. cxd4 c3 26. Rh2 Qb4 27. Qd3 Bd7 28. Nxc3 Bxd4 29. Qg6 Rxe7 30. Bxe7 Bxg1 31. Rg2 Bf5+ 32. Qxf5 Ng7 33. Bf6 Bd4 34. Qh5+ 1-0

[Event "Specialiste op"]
[Site "Montreal CAN"]
[Date "1997.02.22"]
[Round "2"]
[White "Gardner, Robert"]
[Black "Hebert, Jean"]
[Result "0-1"]
[WhiteElo "2100"]
[BlackElo "2445"]
[PlyCount "64"]
[GameId "2160767911966464"]
[EventDate "1997.02.21"]
[EventType "swiss"]
[EventRounds "5"]
[EventCountry "CAN"]
[SourceTitle "EXT 2022"]
[Source "ChessBase"]
[SourceDate "2021.10.06"]
[SourceVersion "1"]
[SourceVersionDate "2021.10.06"]
[SourceQuality "1"]

1. e4 c5 2. Nf3 Nc6 3. d4 cxd4 4. Nxd4 e6 5. Nc3 a6 6. Be2 Nf6 7. O-O Qc7 8. Be3 Bb4 9. f3 O-O 10. Nxc6 bxc6 11. a3 Be7 12. f4 d5 13. e5 Nd7 14. Bd3 g6 15. Ne2 Nc5 16. Bxc5 Bxc5+ 17. Kh1 a5 18. Ng3 f5 19. Qe2 Qb6 20. c4 a4 21. Rac1 Ba6 22. cxd5 Bxd3 23. Qxd3 cxd5 24. Rc2 Be3 25. Ne2 Rfc8 26. Nc3 Qb3 27. Qxe3 Qxc2 28. Qb6 Re8 29. Qb5 Qb3 30. Qd7 Qc4 31. Kg1 Qc5+ 32. Kh1 Re7 0-1

[Event "Specialiste op"]
[Site "Montreal CAN"]
[Date "1997.02.22"]
[Round "3"]
[White "Hebert, Jean"]
[Black "Girard, Robin"]
[Result "1/2-1/2"]
[WhiteElo "2445"]
[BlackElo "2309"]
[PlyCount "55"]
[GameId "2160767911966467"]
[EventDate "1997.02.21"]
[EventType "swiss"]
[EventRounds "5"]
[EventCountry "CAN"]
[SourceTitle "EXT 2022"]
[Source "ChessBase"]
[SourceDate "2021.10.06"]
[SourceVersion "1"]
[SourceVersionDate "2021.10.06"]
[SourceQuality "1"]

1. d4 d5 2. c4 e6 3. Nf3 c5 4. cxd5 exd5 5. Bg5 Be7 6. Bxe7 Nxe7 7. dxc5 Qa5+ 8. Nc3 Nbc6 9. e3 Qxc5 10. Be2 O-O 11. O-O Bg4 12. Nd4 Bxe2 13. Ncxe2 Nxd4 14. Nxd4 Rac8 15. Qb3 Qb6 16. Rfd1 Qxb3 17. axb3 a6 18. g4 Rc5 19. Kg2 Rfc8 20. Rd2 Kf8 21. h3 Nc6 22. Nxc6 R8xc6 23. Ra4 Rb6 24. e4 Ke7 25. exd5 Kd6 26. Rf4 f6 27. Rf3 Rxd5 28. Re2 1/2-1/2

[Event "Specialiste op"]
[Site "Montreal CAN"]
[Date "1997.02.23"]
[Round "4"]
[White "Filion, Charles"]
[Black "Hebert, Jean"]
[Result "0-1"]
[WhiteElo "2097"]
[BlackElo "2445"]
[PlyCount "44"]
[GameId "2160767911966468"]
[EventDate "1997.02.21"]
[EventType "swiss"]
[EventRounds "5"]
[EventCountry "CAN"]
[SourceTitle "EXT 2022"]
[Source "ChessBase"]
[SourceDate "2021.10.06"]
[SourceVersion "1"]
[SourceVersionDate "2021.10.06"]
[SourceQuality "1"]

1. Nf3 Nf6 2. c4 e6 3. Nc3 Bb4 4. g3 O-O 5. Bg2 d5 6. Qb3 c5 7. O-O Nc6 8. d3 d4 9. Nb1 Ba5 10. a3 e5 11. Qc2 h6 12. Bd2 Bc7 13. b4 Bf5 14. Ne1 Re8 15. b5 Na5 16. Bxa5 Bxa5 17. Bxb7 e4 18. Bxa8 Qxa8 19. dxe4 Nxe4 20. f3 Nxg3 21. Qa4 Nxe2+ 22. Kf2 Qb8 0-1

[Event "Specialiste op"]
[Site "Montreal CAN"]
[Date "1997.02.23"]
[Round "5"]
[White "Hebert, Jean"]
[Black "Linskiy, Oleg"]
[Result "1/2-1/2"]
[WhiteElo "2445"]
[BlackElo "2382"]
[PlyCount "151"]
[GameId "2160767911966470"]
[EventDate "1997.02.21"]
[EventType "swiss"]
[EventRounds "5"]
[EventCountry "CAN"]
[SourceTitle "EXT 2022"]
[Source "ChessBase"]
[SourceDate "2021.10.06"]
[SourceVersion "1"]
[SourceVersionDate "2021.10.06"]
[SourceQuality "1"]

1. Nf3 d5 2. g3 c6 3. Bg2 Bg4 4. c4 e6 5. cxd5 exd5 6. O-O Bd6 7. d3 Nf6 8. Qb3 Qb6 9. Qc2 O-O 10. Nc3 Nbd7 11. e4 Rfe8 12. Be3 Qa6 13. Nh4 dxe4 14. dxe4 Bc5 15. Bxc5 Nxc5 16. h3 Be6 17. b4 Qd3 18. Rfc1 Qxc2 19. Rxc2 Nd3 20. a3 a5 21. b5 Bd7 22. Rd1 Nc5 23. bxc6 Bxc6 24. f3 g6 25. Bf1 Rad8 26. Rcd2 Rd7 27. Ng2 Red8 28. Rxd7 Rxd7 29. Ne3 Rxd1 30. Nexd1 Nfd7 31. Kf2 Kg7 32. Ke3 f5 33. exf5 gxf5 34. Nb2 Kf6 35. Nc4 Nb3 36. Nd6 Nbc5 37. f4 Ke6 38. Ndb5 Kf6 39. Nd4 Bh1 40. Bc4 Nb6 41. Ba2 Bg2 42. h4 h6 43. Bg8 Bf1 44. Nde2 Nca4 45. Nb5 Bg2 46. Kd4 Nc8 47. Nec3 Nab6 48. Nc7 Ne7 49. Bb3 Bc6 50. Nd1 Nbc8 51. Nd5+ Bxd5 52. Bxd5 b6 53. Nc3 Nd6 54. a4 Nec8 55. Bb3 Ne7 56. Nd5+ Nxd5 57. Kxd5 Ke7 58. Bc2 b5 59. axb5 Nxb5 60. Ke5 Nd6 61. h5 Nc4+ 62. Kd4 Nd6 63. Kd5 Ne8 64. Bxf5 Nf6+ 65. Ke5 Nxh5 66. g4 Nf6 67. g5 hxg5 68. fxg5 Nh5 69. Kd5 a4 70. Kc4 Kf7 71. Kb4 Kg7 72. Kxa4 Nf6 73. Kb5 Nh7 74. g6 Nf8 75. Kc5 Nxg6 76. Bxg6 1/2-1/2

[Event "Vers La Maitrise"]
[Site "Montreal CAN"]
[Date "1997.01.16"]
[Round "1"]
[White "Hebert, Jean"]
[Black "Grondin, Jean-Philippe"]
[Result "1/2-1/2"]
[WhiteElo "2465"]
[BlackElo "2040"]
[PlyCount "82"]
[GameId "2160767911999434"]
[EventDate "1997.01.16"]
[EventType "swiss"]
[EventRounds "6"]
[EventCountry "CAN"]

1. d4 Nf6 2. c4 e6 3. Nc3 d5 4. Nf3 Bb4 5. Bg5 O-O 6. e3 c5 7. dxc5 Nc6 8. cxd5 exd5 9. Be2 Be6 10. O-O Bxc5 11. Rc1 Be7 12. Nd4 Rc8 13. Nb3 Qd7 14. Na4 Ne4 15. Bxe7 Qxe7 16. Nd4 Qb4 17. a3 Qd2 18. Nxe6 Qxd1 19. Rfxd1 fxe6 20. f3 Nd6 21. Nc5 Rfe8 22. e4 b6 23. Nxe6 Rxe6 24. Ba6 dxe4 25. Rxd6 Rxd6 26. Bxc8 exf3 27. Bb7 Ne5 28. gxf3 g5 29. Re1 Ng6 30. Re8+ Kf7 31. Ra8 a5 32. b4 axb4 33. axb4 Kf6 34. Be4 h5 35. Bxg6 Kxg6 36. Rc8 Kf5 37. Rf8+ Ke5 38. Kf2 Rd4 39. Rg8 Kf6 40. Rf8+ Kg6 41. Rg8+ Kf6 1/2-1/2

[Event "Vers La Maitrise"]
[Site "Montreal CAN"]
[Date "1997.01.23"]
[Round "2"]
[White "Gladu, Pierre"]
[Black "Hebert, Jean"]
[Result "1-0"]
[WhiteElo "2150"]
[BlackElo "2465"]
[PlyCount "87"]
[GameId "2160767911999442"]
[EventDate "1997.01.16"]
[EventType "swiss"]
[EventRounds "6"]
[EventCountry "CAN"]

1. e4 c5 2. Nf3 Nc6 3. d4 cxd4 4. Nxd4 e6 5. Nb5 d6 6. c4 Nf6 7. N1c3 a6 8. Na3 Be7 9. Be2 O-O 10. O-O b6 11. Be3 Bb7 12. f3 Re8 13. Qb3 Nd7 14. Rfd1 Qc7 15. Rac1 Nc5 16. Qc2 Rad8 17. Rd2 Nb4 18. Qd1 Bf6 19. Bf4 Be5 20. Bxe5 dxe5 21. Nc2 Rxd2 22. Qxd2 Rd8 23. Qe3 Nbd3 24. Rb1 f5 25. Rd1 fxe4 26. b4 exf3 27. Bxd3 Nxd3 28. Rxd3 Rf8 29. gxf3 Rxf3 30. Qe2 Rf4 31. Ne3 Qe7 32. Qh5 Rd4 33. Rd1 Qxb4 34. Qe8+ Qf8 35. Qxe6+ Kh8 36. Qxe5 Rxd1+ 37. Ncxd1 h6 38. Nf5 Qf7 39. Nde3 Kh7 40. Qe7 Qg6+ 41. Kf2 Ba8 42. Qf8 Be4 43. Ne7 Qe6 44. N3f5 1-0